Southville International School and Colleges
Your cart is empty.
  • Cart
  • Lists
    Public lists Eva Luna New books Lux_list list_1
    Your lists Log in to create your own lists
  • Log in to your account
  • Your cookies
  • Search history
Southville International School and Colleges
  • Advanced search
  • Recent comments
  • Most popular
  • Libraries

Log in to your account

Log in with GOOGLE


If you do not have an external account, but do have a local account, you can still log in:

  1. Home
  2. MARC view: Engagement among permanent and non- manegerial employees of municipal development fund office (MDFO) of the department of finance /
Normal view MARC view ISBD view

Engagement among permanent and non- manegerial employees of municipal development fund office (MDFO) of the department of finance / (Record no. 284043)

[ view plain ]
MARC details
000 -LEADER
fixed length control field 00682nam a2200205Ia 4500
008 - FIXED-LENGTH DATA ELEMENTS--GENERAL INFORMATION
fixed length control field 150520s9999 xx 000 0 und d
050 ## - LIBRARY OF CONGRESS CALL NUMBER
Classification number HF 5549.5.M63
050 ## - LIBRARY OF CONGRESS CALL NUMBER
Item number .Sa535 2015
100 ## - MAIN ENTRY--PERSONAL NAME
Personal name San Diego, Rey Benedict E.
245 ## - TITLE STATEMENT
Title Engagement among permanent and non- manegerial employees of municipal development fund office (MDFO) of the department of finance /
245 ## - TITLE STATEMENT
Statement of responsibility, etc Rey Benedict E. San Diego.
260 ## - PUBLICATION, DISTRIBUTION, ETC. (IMPRINT)
Place of publication, distribution, etc Las Piñas, Philippines :
260 ## - PUBLICATION, DISTRIBUTION, ETC. (IMPRINT)
Name of publisher, distributor, etc SISC,
260 ## - PUBLICATION, DISTRIBUTION, ETC. (IMPRINT)
Date of publication, distribution, etc 2015.
300 ## - PHYSICAL DESCRIPTION
Extent 58 pages:
300 ## - PHYSICAL DESCRIPTION
Other physical details illustrations ;
300 ## - PHYSICAL DESCRIPTION
Dimensions 28 cm.
500 ## - GENERAL NOTE
General note Includes bibliographical references and appendices.
650 ## - SUBJECT ADDED ENTRY--TOPICAL TERM
Topical term or geographic name as entry element Organizational Commitment

No items available.

Engagement among permanent and non- manegerial employees of municipal development fund office (MDFO) of the department of finance /

APA

San Diego R. B. E., .Engagement among permanent and non- manegerial employees of municipal development fund office (MDFO) of the department of finance. Las Piñas, Philippines: .

Chicago

San Diego Rey Benedict E, .Engagement among permanent and non- manegerial employees of municipal development fund office (MDFO) of the department of finance. Las Piñas, Philippines: .

Harvard

San Diego R. B. E., .Engagement among permanent and non- manegerial employees of municipal development fund office (MDFO) of the department of finance. Las Piñas, Philippines: .

MLA

San Diego Rey Benedict E, .Las Piñas, Philippines: . .

  • Print
  • Cite
  • Add to your cart (remove)
  • Save record
    BIBTEX Dublin Core MARCXML MARC (non-Unicode/MARC-8) MARC (Unicode/UTF-8) MARC (Unicode/UTF-8, Standard) MODS (XML) RIS
  • More searches
    Search for this title in:
    Other Libraries (WorldCat) Other Databases (Google Scholar) Online Stores (Bookfinder.com) Open Library (openlibrary.org)

Exporting to Dublin Core...

SOUTHVILLE LIBRARY

Southville International School and Colleges Library

1281 Tropical Ave. Cor. Luxembourg St., BF Homes International, Las Pinas City

Tel. No. 8256374 / 252358 Loc. 117/146

Powered by Koha